| 000 | 00685cam a22002531 4500 | ||
|---|---|---|---|
| 001 | sa 65008053 | ||
| 003 | DLC | ||
| 005 | 20260227112153.0 | ||
| 008 | 900214s1962 ii ac 000 0 sano | ||
| 010 | _asa 65008053 | ||
| 035 | _a(OCoLC)21063069 | ||
| 040 |
_aDLC _cWaU _dDLC |
||
| 042 | _apremarc | ||
| 050 | 0 | 0 |
_aPK3605 _b.T5 |
| 100 | 2 | _aThangaswami Sarma, R. | |
| 245 | 1 | 0 | _aKalyāṇamañjarī. |
| 260 |
_a[Madras] _c[1962] |
||
| 300 |
_axxxvii, 464 p. _billus., ports. _c22 cm. |
||
| 500 | _aAdded t. p. in English. | ||
| 500 | _aIn Sanskrit; introductory matter in English or Tamil. | ||
| 500 | _aPoems. | ||
| 650 | 0 | _aSanskrit poetry. | |
| 700 | 1 | _aRajagopalan, M. A. | |
| 999 |
_c65517 _d65517 |
||